Visa-free access for Chinese passport holders - Statistics

General Stats
  • This quiz has been taken 108 times
  • The average score is 47 of 69
Answer Stats
Countries % Correct
Iran
85%
Qatar
85%
Belarus
84%
Laos
84%
Oman
84%
Cambodia
83%
Thailand
83%
United Arab Emirates
83%
Indonesia
80%
Bahrain
78%
Egypt
78%
Myanmar
78%
Serbia
78%
Armenia
77%
Azerbaijan
77%
Lebanon
77%
Fiji
75%
Palau
74%
Turkey
74%
Vanuatu
74%
Jordan
73%
Samoa
73%
Ukraine
73%
Morocco
72%
Nepal
70%
Seychelles
70%
Tonga
70%
Brunei
69%
Kenya
69%
Maldives
69%
Mauritius
69%
Saint Kitts and Nevis
69%
Tuvalu
69%
Bangladesh
68%
Saint Lucia
68%
Tanzania
68%
Albania
67%
Federated States of Micronesia
67%
Rwanda
67%
Somalia
67%
Uganda
67%
Djibouti
65%
Dominica
65%
Ethiopia
65%
Haiti
64%
Antigua and Barbuda
63%
East Timor
63%
Tunisia
63%
Madagascar
62%
Mozambique
62%
Bahamas
60%
Barbados
60%
Bosnia and Herzegovina
60%
Jamaica
60%
Zimbabwe
60%
Sri Lanka
59%
Grenada
58%
Malawi
58%
Cape Verde
57%
Benin
56%
Equatorial Guinea
53%
Gabon
53%
Togo
53%
Mauritania
52%
Sao Tome and Principe
52%
Suriname
52%
Ecuador
51%
Bolivia
49%
Guinea-Bissau
48%
No matching quizzes found
Score Distribution
Percent of People with Each Score
Percentile by Number Answered
Your Score History
You have not taken this quiz